| 000 | 00690nam a2200277Ia 4500 | ||
|---|---|---|---|
| 008 | 210210b1913 xxu||||| |||| 00| 0 eng d | ||
| 041 | _aeng | ||
| 082 | _a540.3 NATC | ||
| 100 | _aNATARAJAN (T S) | ||
| 245 |
_aChemical calculations: with explanatory notes and problems _bPart I: Elementary with illustrations |
||
| 260 |
_aBikshandarkoil _bSrirengam _c1913 |
||
| 300 | _a157+50 | ||
| 650 | _awith | ||
| 650 | _aproblems | ||
| 650 | _aPart | ||
| 650 | _anotes | ||
| 650 | _aillustrations | ||
| 650 | _aI: | ||
| 650 | _aexplanatory | ||
| 650 | _aElementary | ||
| 650 | _aChemical | ||
| 650 | _acalculations: | ||
| 650 | _aand | ||
| 690 | _aChemistry | ||
| 906 | _a009215 | ||
| 999 |
_c116363 _d116363 |
||